[Event "C.to Provinciale PR"]
[Site "Salsomaggiore Terme ITA"]
[Date "2016.03.19"]
[Round "1"]
[White "Balestra, Stefano"]
[Black "Scotti, Luigi"]
[WhiteElo "1724"]
[BlackElo "1433"]
[Result "1-0"]
[PlyCount "125"]
[EventDate "2016.03.18"]

1. d4 d6 2. Bf4 g6 3. Nc3 Bg7 4. e4 e6 5. Qd2 Nd7 6. Nf3 a6 7. h4 h6 8. Bd3 Ne7
9. O-O b6 10. Rfe1 Bb7 11. Rad1 Nf6 12. Qe2 Nh5 13. Bh2 Nc6 14. d5 Nd4 15. Nxd4
Bxd4 16. dxe6 fxe6 17. Qg4 Qf6 18. Bg3 Nxg3 19. Qxg3 O-O 20. Re2 Be5 21. Qg4 h5
22. Qh3 Bd4 23. Rdd2 Bc8 24. Bc4 Kg7 25. Qd3 c5 26. e5 dxe5 27. Qe4 Rb8 28. a4
Bb7 29. Qd3 Rbd8 30. Qh3 Rfe8 31. Nd1 Qf5 32. Qxf5 exf5 33. c3 Rc8 34. cxd4
cxd4 35. b3 Kf6 36. f3 Red8 37. Nb2 a5 38. Nd3 e4 39. fxe4 fxe4 40. Rf2+ Kg7
41. Rf7+ Kh6 42. Rxb7 exd3 43. Rxd3 Rd6 44. Re7 Rcd8 45. Re6 Kg7 46. Rxd6 Rxd6
47. Kf2 Kf6 48. Kf3 Ke5 49. Rd2 Rf6+ 50. Kg3 Rd6 51. Re2+ Kf6 52. Kf4 d3 53.
Rd2 Rd4+ 54. Kg3 Ke5 55. Rxd3 Rg4+ 56. Kh3 Rd4 57. Rxd4 Kxd4 58. g4 Ke5 59.
gxh5 gxh5 60. Bf7 Kf6 61. Bxh5 Kf5 62. Kg3 Kf6 63. Kf4 1-0

[Event "C.to Provinciale PR"]
[Site "Salsomaggiore Terme ITA"]
[Date "2016.03.18"]
[Round "1"]
[White "Boasso, Andrea"]
[Black "Magri, Leonardo"]
[WhiteElo "1440"]
[BlackElo "1783"]
[Result "1-0"]
[PlyCount "67"]
[EventDate "2016.03.18"]

1. e4 b6 2. d4 Bb7 3. Nc3 e6 4. Nf3 Bb4 5. Bd3 Nf6 6. Qe2 d5 7. e5 Ne4 8. Bd2
Nxd2 9. Nxd2 c5 10. Qg4 cxd4 11. Qxg7 Rf8 12. Nb5 Nc6 13. a3 Be7 14. Nf3 f6 15.
Nd6+ Bxd6 16. Qxb7 Qc7 17. Qxa8+ Kf7 18. exd6 Qd7 19. Qxf8+ Kxf8 20. O-O e5 21.
Bb5 Qxd6 22. Bxc6 Qxc6 23. Rac1 Kf7 24. Rfe1 Qb5 25. b3 Qc5 26. a4 Kg6 27.
Nxe5+ fxe5 28. Rxe5 Qc3 29. Rce1 Qxc2 30. Re6+ Kf5 31. R1e5+ Kf4 32. g3+ Kf3
33. Rf6+ Kg4 34. f3+ 1-0

[Event "C.to Provinciale PR"]
[Site "Salsomaggiore Terme ITA"]
[Date "2016.03.18"]
[Round "1"]
[White "Cripotos, Demetrio"]
[Black "Cremonini, Stefano"]
[WhiteElo "1835"]
[BlackElo "1558"]
[Result "0-1"]
[PlyCount "74"]
[EventDate "2016.03.18"]

1. e4 d5 2. Nc3 dxe4 3. Nxe4 Bf5 4. Ng3 Bg6 5. Nf3 Nd7 6. Bc4 e6 7. O-O Ngf6 8.
d3 h6 9. Re1 Bd6 10. Nh4 Bh7 11. Nh5 Nxh5 12. Qxh5 Nf6 13. Rxe6+ Kf8 14. Rxf6
Qxf6 15. Nf3 Re8 16. Be3 Qf5 17. Qh4 Be7 18. Qd4 c5 19. Qc3 Bg6 20. Ne5 h5 21.
Nxg6+ Qxg6 22. Bd5 b6 23. Be4 Qd6 24. Qa3 Qe5 25. f4 Qc7 26. Rf1 h4 27. h3 Bd6
28. f5 c4 29. b4 a5 30. f6 g6 31. Qc1 Re6 32. Bh6+ Ke8 33. Bg7 Rh5 34. Bxg6
Rhe5 35. Qh6 Re1 36. Qh8+ Kd7 37. Bxf7 Bh2+ 0-1

[Event "C.to Provinciale PR"]
[Site "Salsomaggiore Terme ITA"]
[Date "2016.03.18"]
[Round "1"]
[White "De Santis, Alessio"]
[Black "De Simone Sorrentino, Fabio"]
[WhiteElo "2306"]
[BlackElo "1679"]
[Result "1-0"]
[PlyCount "51"]
[EventDate "2016.03.18"]

1. d4 d5 2. c4 e6 3. Nc3 Nf6 4. cxd5 exd5 5. Bg5 c6 6. e3 Nbd7 7. Bd3 Be7 8.
Qc2 h6 9. Bh4 Nh5 10. Bxe7 Qxe7 11. Nge2 Qg5 12. Rg1 Qh4 13. h3 Nf8 14. g4 Nf6
15. Rg3 Ne6 16. O-O-O h5 17. g5 Nxg5 18. Nf4 Rg8 19. Ng2 Qxg3 20. fxg3 Bxh3 21.
Bf5 Bg4 22. Bxg4 hxg4 23. Qf5 Nf3 24. e4 Rh8 25. e5 Rh5 26. Qf4 1-0

[Event "C.to Provinciale PR"]
[Site "Salsomaggiore Terme ITA"]
[Date "2016.03.18"]
[Round "1"]
[White "Fischetti, Luciano"]
[Black "Grillo, Francesco"]
[WhiteElo "1552"]
[BlackElo "1797"]
[Result "0-1"]
[PlyCount "72"]
[EventDate "2016.03.18"]

1. f4 d5 2. Nf3 g6 3. d3 Bg7 4. e3 c5 5. c3 Nc6 6. g3 Nh6 7. Bg2 b6 8. O-O O-O
9. Re1 Bb7 10. Bd2 e5 11. Ng5 Qd7 12. Bh3 f5 13. Bg2 Ng4 14. Nh3 e4 15. Nf2
Nxf2 16. Kxf2 exd3 17. Bc1 c4 18. Nd2 Rfe8 19. Rb1 Re7 20. Nf3 Rae8 21. Bd2 Nd8
22. Nd4 Ne6 23. b3 Nc5 24. b4 Ne4+ 25. Kf1 b5 26. a3 a6 27. Rb2 Bf6 28. Ra2 h5
29. Qf3 h4 30. Kg1 Bxd4 31. exd4 Nxd2 32. Rxd2 Rxe1+ 33. Bf1 R8e3 34. Qf2 hxg3
35. hxg3 Qe7 36. Kg2 Qe4+ 0-1

[Event "C.to Provinciale PR"]
[Site "Salsomaggiore Terme ITA"]
[Date "2016.03.19"]
[Round "1"]
[White "Gorini, Michele"]
[Black "Panizzi, Giuseppe"]
[WhiteElo "1622"]
[BlackElo "2091"]
[Result "0-1"]
[PlyCount "132"]
[EventDate "2016.03.18"]

1. Nf3 Nf6 2. b3 d6 3. Bb2 e5 4. d3 Nc6 5. g3 Be7 6. Bg2 O-O 7. O-O Bd7 8. Nbd2
Qc8 9. Re1 Nd8 10. c4 Ne6 11. e3 Re8 12. b4 a5 13. b5 c6 14. a4 Bf8 15. Qb1 Qd8
16. Bc3 cxb5 17. cxb5 b6 18. Rc1 Rc8 19. Nc4 Nc5 20. d4 Nce4 21. Qd3 Nxc3 22.
Rxc3 e4 23. Qc2 Nd5 24. Rb3 Nb4 25. Qe2 exf3 26. Bxf3 Be6 27. Rxb4 axb4 28. Bc6
Bxc4 29. Qxc4 Re6 30. d5 Re5 31. Qxb4 Qe7 32. a5 Qa7 33. a6 Rc7 34. Qd4 g6 35.
Ra2 Rce7 36. Qg4 f5 37. Qb4 Rc7 38. Qd4 Qb8 39. Qa4 Ra7 40. Qd4 Qd8 41. Rc2 Re4
42. Qd2 Qe7 43. Qc1 Rb4 44. Qa3 Rb1+ 45. Rc1 Qe4 46. Rxb1 Qxb1+ 47. Kg2 Qc2 48.
Qb4 Qe4+ 49. Qxe4 fxe4 50. Bb7 Kg7 51. f3 exf3+ 52. Kxf3 Kf6 53. h4 Ke5 54. g4
h6 55. h5 gxh5 56. gxh5 Be7 57. Kg4 Bd8 58. Kf3 Kf5 59. e4+ Ke5 60. Ke3 Bg5+
61. Kf3 Kd4 62. Kg4 Kxe4 63. Kg3 Ke5 64. Kg4 Bc1 65. Kg3 Kf5 66. Kh4 Kf4 0-1

[Event "C.to Provinciale PR"]
[Site "Salsomaggiore Terme ITA"]
[Date "2016.03.18"]
[Round "1"]
[White "Mantovani, Celso"]
[Black "Zuccaro, Guido"]
[WhiteElo "1221"]
[BlackElo "1724"]
[Result "0-1"]
[PlyCount "70"]
[EventDate "2016.03.18"]

1. Nc3 d5 2. d4 Nf6 3. e3 e6 4. Nf3 c5 5. b3 Nc6 6. Bb2 Bd6 7. Bd3 O-O 8. O-O
a6 9. a4 Bd7 10. Re1 cxd4 11. exd4 Rc8 12. Qd2 Bb4 13. Re3 Qa5 14. Ra2 Ne7 15.
h3 Kh8 16. Bf1 Nf5 17. Re1 Bxc3 18. Qg5 Bxe1 19. c3 Bxc3 20. Ba3 Bb4 21. g4 Nd6
22. Qh4 Bxa3 23. Qg3 Bb4 24. Ne5 Be8 25. Qe3 Rc3 26. Nd3 Rxb3 27. Qc1 Bxa4 28.
Nxb4 Qxb4 29. Qc5 Nfe4 30. Qa7 Rb1 31. Re2 Bb5 32. Qb6 Rxf1+ 33. Kxf1 Bxe2+ 34.
Kg2 Qxb6 35. f4 Qxd4 0-1

[Event "C.to Provinciale PR"]
[Site "Salsomaggiore Terme ITA"]
[Date "2016.03.18"]
[Round "1"]
[White "Mingione, Luigi"]
[Black "Azzolini, Saulo"]
[WhiteElo "1756"]
[BlackElo "1440"]
[Result "1-0"]
[PlyCount "133"]
[EventDate "2016.03.18"]

1. e4 e5 2. f4 d5 3. exd5 exf4 4. Nf3 g5 5. Bb5+ Bd7 6. Bxd7+ Nxd7 7. Qe2+ Qe7
8. Nxg5 Qxe2+ 9. Kxe2 h6 10. Nf3 Ngf6 11. c4 O-O-O 12. Re1 Rg8 13. Kf1 Bc5 14.
d4 Bb4 15. Nc3 Rg4 16. Ne5 Nxe5 17. dxe5 Nh5 18. a3 Bc5 19. Ne4 Bd4 20. Nf2 Rh4
21. Nd3 Rxh2 22. Bxf4 Nxf4 23. Nxf4 Bxb2 24. Ra2 Bc3 25. Ree2 c6 26. d6 Rg8 27.
Kg1 Rh4 28. Re4 Rgg4 29. Rf2 Ba5 30. Rf3 Bb6+ 31. Kf1 Rh1+ 32. Ke2 Rb1 33. Rd3
Rb2+ 34. Kf3 Rg8 35. Ne2 Rb1 36. Nd4 Rf1+ 37. Ke2 Rg1 38. d7+ Kc7 39. g4 h5 40.
e6 fxe6 41. Nxe6+ Kb8 42. d8=Q+ Bxd8 43. Rxd8+ Rxd8 44. Nxd8 hxg4 45. Kf2 Rd1
46. Nf7 g3+ 47. Kxg3 Rd3+ 48. Kf4 Rxa3 49. Nd6 Rd3 50. c5 a5 51. Ra4 Kc7 52.
Rxa5 b6 53. Ra7+ Kb8 54. Rb7+ Ka8 55. Rxb6 Rd5 56. Rxc6 Kb8 57. Ke4 Rh5 58.
Rc8+ Ka7 59. c6 Rc5 60. Kd4 Rc1 61. Kd5 Rd1+ 62. Ke6 Re1+ 63. Kd7 Rd1 64. c7
Rd2 65. Rb8 Rh2 66. c8=Q Rh7+ 67. Kc6 1-0

[Event "C.to Provinciale PR"]
[Site "Salsomaggiore Terme ITA"]
[Date "2016.03.18"]
[Round "1"]
[White "Pagani, Fausto"]
[Black "Brogneri, Giovanni"]
[WhiteElo "1571"]
[BlackElo "1843"]
[Result "0-1"]
[PlyCount "126"]
[EventDate "2016.03.18"]

1. d4 e6 2. c4 b6 3. Nc3 Bb7 4. Nf3 Nf6 5. e3 Na6 6. a3 c5 7. Nb5 Be7 8. Be2
O-O 9. O-O Re8 10. b3 Nc7 11. dxc5 Nxb5 12. cxb5 bxc5 13. Bb2 Qc7 14. Rc1 Rac8
15. b4 Ng4 16. h3 Bxf3 17. hxg4 Bxe2 18. Qxe2 c4 19. Rc2 d5 20. f4 Qd7 21. Bd4
Qxb5 22. f5 Bg5 23. fxe6 fxe6 24. Bxa7 Be7 25. Bd4 Bd6 26. Qd2 Rf8 27. Rxf8+
Rxf8 28. Qc3 Qb8 29. Qa1 Qc7 30. b5 Qe7 31. a4 Qh4 32. Be5 Bxe5 33. Qxe5 Qxg4
34. Rc1 h5 35. b6 h4 36. b7 h3 37. Qh2 e5 38. Qxh3 Qxh3 39. gxh3 Rb8 40. Rb1 c3
41. Rc1 d4 42. a5 Rxb7 43. exd4 exd4 44. Kf1 Ra7 45. Ke2 Rxa5 46. Kd3 Rd5 47.
Ke4 Rd7 48. Kd3 Kh7 49. Rh1 Kh6 50. h4 g6 51. Rh2 Kh5 52. Rh3 Rd6 53. Kc2 Kg4
54. Rh1 Kf4 55. Kd3 Kf3 56. h5 g5 57. h6 Rd8 58. h7 Rh8 59. Kxd4 c2 60. Ke5
Rxh7 61. Rc1 Rc7 62. Kf5 Rc5+ 63. Ke6 Ke2 0-1

[Event "C.to Provinciale PR"]
[Site "Salsomaggiore Terme ITA"]
[Date "2016.03.18"]
[Round "1"]
[White "Paoli, Walter"]
[Black "Ghirardi, Gianfranco"]
[WhiteElo "1947"]
[BlackElo "1616"]
[Result "1-0"]
[PlyCount "115"]
[EventDate "2016.03.18"]

1. Nf3 c6 2. c4 Nf6 3. d4 d6 4. Nc3 Bf5 5. g3 Nbd7 6. Bf4 Qa5 7. Qd2 h6 8. a3
e6 9. Bg2 g5 10. Be3 Ng4 11. O-O Bg7 12. h3 Nxe3 13. Qxe3 Qc7 14. Rfd1 d5 15.
cxd5 O-O 16. dxc6 bxc6 17. Rac1 Qb6 18. b4 Rac8 19. Qd2 g4 20. hxg4 Bxg4 21.
Na4 Qa6 22. Qc2 Nb6 23. Nxb6 axb6 24. Qd3 Qxd3 25. Rxd3 Bf5 26. Rdc3 Be4 27. e3
Rfd8 28. Ne1 Bxg2 29. Kxg2 Rd6 30. Nd3 Ra8 31. f4 f6 32. Nf2 e5 33. fxe5 fxe5
34. dxe5 Bxe5 35. Rxc6 Rxc6 36. Rxc6 Rxa3 37. Ng4 Bg7 38. Nxh6+ Bxh6 39. Rxh6
Rxe3 40. Rxb6 Kf7 41. Kf2 Rb3 42. Kg2 Ke7 43. Kh3 Kd7 44. Kh4 Kc7 45. Rb5 Kc6
46. Rc5+ Kb6 47. Rc4 Kb5 48. Rf4 Ra3 49. g4 Ra8 50. g5 Rh8+ 51. Kg4 Rg8 52. Kh5
Rh8+ 53. Kg6 Rg8+ 54. Kh6 Ra8 55. g6 Ra6 56. Kh7 Ra1 57. g7 Rh1+ 58. Kg6 1-0

[Event "C.to Provinciale PR"]
[Site "Salsomaggiore Terme ITA"]
[Date "2016.03.18"]
[Round "1"]
[White "Salati, Paolo"]
[Black "Donelli, Sergio"]
[WhiteElo "1776"]
[BlackElo "1506"]
[Result "0-1"]
[PlyCount "120"]
[EventDate "2016.03.18"]

1. e4 e5 2. Nf3 Nc6 3. Bc4 Be7 4. Nc3 Nf6 5. d3 d6 6. h3 a6 7. a3 Bd7 8. O-O
O-O 9. Re1 h5 10. Bd2 b5 11. Ba2 Nb8 12. d4 Nc6 13. d5 Nb8 14. Qe2 Nh7 15. Rad1
f5 16. exf5 Bxf5 17. Ne4 Nd7 18. Bc1 Ndf6 19. Ng3 Bd7 20. Nh4 Qe8 21. Qd3 Ng4
22. Nhf5 Bxf5 23. Nxf5 Nxf2 24. Kxf2 g6 25. Kg1 Rxf5 26. Rf1 Qf7 27. Qc3 Bg5
28. Qc6 Rf8 29. Rxf5 gxf5 30. Qxa6 Bxc1 31. Rxc1 Qd7 32. c4 bxc4 33. Qxc4 Rf7
34. Qc6 Qe7 35. Qa8+ Kg7 36. b4 Qg5 37. Rc6 Qe3+ 38. Kh2 Ng5 39. Qa5 Qf2 40.
Kh1 f4 41. Rxc7 Qxa2 42. Rxf7+ Nxf7 43. Qa7 Qxd5 44. a4 f3 45. gxf3 Qxf3+ 46.
Kh2 Qf4+ 47. Kh1 Qxb4 48. a5 Qe4+ 49. Kh2 Qf4+ 50. Kg2 Qe4+ 51. Kh2 Qf4+ 52.
Kg2 e4 53. Qd4+ Kh7 54. a6 Qf3+ 55. Kg1 Qg3+ 56. Kf1 Qxh3+ 57. Ke1 Qh1+ 58. Ke2
Qf3+ 59. Kd2 Ne5 60. a7 e3+ 0-1

[Event "C.to Provinciale PR"]
[Site "Salsomaggiore Terme ITA"]
[Date "2016.03.19"]
[Round "1"]
[White "Taddia, Davide"]
[Black "Brini, Alessandro"]
[WhiteElo "1459"]
[BlackElo "1734"]
[Result "0-1"]
[PlyCount "108"]
[EventDate "2016.03.18"]

1. d4 d5 2. Nc3 Nf6 3. Bg5 Nc6 4. f3 h6 5. Bh4 e6 6. e4 dxe4 7. fxe4 Be7 8. Nf3
Nxe4 9. Bxe7 Nxc3 10. Bxd8 Nxd1 11. Bxc7 Nxb2 12. Rb1 Na4 13. Bb5 Nc3 14. Bxc6+
bxc6 15. Rb2 Nd5 16. Bd6 f6 17. Kf2 Kd7 18. Bc5 Nc3 19. Ba3 Ba6 20. Rb3 Nd5 21.
Bc5 Rhb8 22. Nd2 Rxb3 23. axb3 Bc8 24. Ra1 a6 25. c4 Ne7 26. b4 Ng6 27. b5 cxb5
28. cxb5 Bb7 29. b6 Nf4 30. g3 Nd3+ 31. Ke3 Nxc5 32. dxc5 Bd5 33. Ra5 Kc6 34.
Ne4 Bxe4 35. Kxe4 g6 36. h3 h5 37. g4 hxg4 38. hxg4 g5 39. Ke3 f5 40. gxf5 exf5
41. b7 Kxb7 42. c6+ Kxc6 43. Rxf5 Rg8 44. Kf3 Kb6 45. Kg4 a5 46. Re5 Ra8 47.
Kxg5 a4 48. Re6+ Kc5 49. Kf5 a3 50. Re5+ Kc4 51. Re4+ Kd3 52. Re1 a2 53. Ra1
Kc2 54. Ke4 Kb2 0-1

[Event "C.to Provinciale PR"]
[Site "Salsomaggiore Terme ITA"]
[Date "2016.03.19"]
[Round "2"]
[White "Brini, Alessandro"]
[Black "Boasso, Andrea"]
[WhiteElo "1760"]
[BlackElo "1440"]
[Result "1-0"]
[PlyCount "101"]
[EventDate "2016.03.18"]

1. e4 d5 2. exd5 Qxd5 3. Nc3 Qa5 4. d4 Nf6 5. Bc4 Bf5 6. Nge2 Nbd7 7. O-O c6 8.
Re1 e6 9. h3 Be7 10. Ng3 Bg6 11. Nce2 h6 12. Nf4 Nd5 13. Nxg6 fxg6 14. Rxe6
N7b6 15. Bd2 Qa4 16. b3 Qa3 17. Qe1 O-O-O 18. Bxd5 Nxd5 19. c4 Bb4 20. cxd5
Bxd2 21. Qxd2 Rxd5 22. Rae1 Rdd8 23. Qc2 Qb4 24. Qc5 Qxd4 25. Qxd4 Rxd4 26.
Re8+ Rxe8 27. Rxe8+ Kc7 28. Rg8 Rd1+ 29. Nf1 Ra1 30. Rxg7+ Kc8 31. Rxg6 Rxa2
32. f4 Ra5 33. Ne3 Rb5 34. f5 Kd8 35. Rxh6 Rxb3 36. Kf2 a5 37. Rh4 b5 38. Rd4+
Ke7 39. Ke2 a4 40. Rd3 Rb2+ 41. Kd1 b4 42. Kc1 Re2 43. Nc2 b3 44. Re3+ Rxe3 45.
Nxe3 a3 46. Nc4 a2 47. Kb2 Kf6 48. g4 Kg5 49. h4+ Kxg4 50. f6 Kf5 51. f7 1-0

[Event "C.to Provinciale PR"]
[Site "Salsomaggiore Terme ITA"]
[Date "2016.03.19"]
[Round "2"]
[White "Brogneri, Giovanni"]
[Black "Balestra, Stefano"]
[WhiteElo "1843"]
[BlackElo "1724"]
[Result "0-1"]
[PlyCount "182"]
[EventDate "2016.03.18"]

1. c4 Nf6 2. g3 g6 3. Bg2 Bg7 4. Nc3 d6 5. d4 O-O 6. e4 e5 7. dxe5 dxe5 8. Qxd8
Rxd8 9. Nf3 c6 10. Bg5 h6 11. Bxf6 Bxf6 12. Ke2 Be6 13. b3 Na6 14. Rad1 Nb4 15.
Rxd8+ Rxd8 16. Rd1 Rxd1 17. Kxd1 Bg4 18. Kd2 Bxf3 19. Bxf3 Bg5+ 20. Ke2 Nc2 21.
Bg4 Nd4+ 22. Kd3 f5 23. Bd1 f4 24. h4 fxg3 25. fxg3 Be7 26. Bg4 h5 27. Bc8 b6
28. Bd7 g5 29. hxg5 Bxg5 30. b4 Be7 31. b5 c5 32. Nd5 Bd8 33. Be8 h4 34. gxh4
Bxh4 35. Nc7 Bd8 36. Na6 Kf8 37. Bc6 Ke7 38. Bd5 Kd7 39. Ke3 Kd6 40. Kf2 Bh4+
41. Kg2 Bg5 42. Kh3 Bh6 43. Kg4 Bf4 44. Kh5 Be3 45. Kg6 Bf4 46. Kf7 Bg5 47. Ke8
Bh4 48. Nb8 Bg5 49. Nd7 Bh4 50. Nxe5 Kxe5 51. Kd7 Ne2 52. Kc7 Nc3 53. Kb7 Kd6
54. Kxa7 Kc7 55. a3 Bf6 56. Ka6 Na4 57. Ka7 Nb2 58. Bf7 Nd3 59. Ka6 Bb2 60. a4
Bc3 61. Bd5 Ba5 62. Bf7 Kd6 63. Kb7 Ke5 64. Bd5 Nf2 65. Kc6 Nxe4 66. Bf7 Kd4
67. Bg6 Nd2 68. Bc2 Nxc4 69. Kd7 Kc3 70. Be4 Kb4 71. Ke6 Kxa4 72. Kd5 Ne3+ 73.
Ke5 Kxb5 74. Kf4 Bd2 75. Kf3 Nc4 76. Ke2 Bg5 77. Kd3 Ne5+ 78. Kc3 Bf6 79. Kc2
Kc4 80. Bh7 b5 81. Bf5 Nf3 82. Be6+ Kb4 83. Bg4 Nd4+ 84. Kb1 Kc3 85. Bh5 c4 86.
Be8 b4 87. Bf7 Bg5 88. Bg8 Nf3 89. Bh7 Nd2+ 90. Ka1 Bf6 91. Bg8 Kb3# 0-1

[Event "C.to Provinciale PR"]
[Site "Salsomaggiore Terme ITA"]
[Date "2016.03.19"]
[Round "2"]
[White "Cremonini, Stefano"]
[Black "Paoli, Walter"]
[WhiteElo "1558"]
[BlackElo "1947"]
[Result "0-1"]
[PlyCount "90"]
[EventDate "2016.03.18"]

1. d4 d5 2. Nf3 Nf6 3. e3 Bg4 4. c4 c6 5. Qb3 Qb6 6. Nc3 Bxf3 7. gxf3 e6 8. Bd2
Nbd7 9. f4 Qxb3 10. axb3 Bd6 11. Be2 g6 12. c5 Bc7 13. b4 b5 14. f3 O-O 15. O-O
a5 16. bxa5 Bxa5 17. Rfc1 Rfc8 18. Nb1 Bc7 19. Nc3 Kg7 20. Nd1 Ng8 21. Nf2 Ne7
22. Nd3 Nf5 23. Kf2 f6 24. Bc3 Kf7 25. Nb4 Ne7 26. Nxc6 Nxc6 27. Bxb5 Rxa1 28.
Rxa1 Ndb8 29. Ra8 Rd8 30. Ba4 e5 31. fxe5 fxe5 32. b4 exd4 33. exd4 Bxh2 34. b5
Ne7 35. Ba5 Rc8 36. b6 Nec6 37. Bxc6 Rxc6 38. Ra7+ Kg8 39. Bd2 Re6 40. Ra8 Kf7
41. Bg5 Nc6 42. Rc8 Bb8 43. Bd8 Re8 44. Rc7+ Bxc7 45. bxc7 Rxd8 0-1

[Event "C.to Provinciale PR"]
[Site "Salsomaggiore Terme ITA"]
[Date "2016.03.19"]
[Round "2"]
[White "De Simone Sorrentino, Fabio"]
[Black "Fischetti, Luciano"]
[WhiteElo "1679"]
[BlackElo "1552"]
[Result "1-0"]
[PlyCount "93"]
[EventDate "2016.03.18"]

1. e4 e5 2. Bc4 Bc5 3. Nf3 d6 4. h3 Nf6 5. d3 Nc6 6. a3 a6 7. Nc3 Ne7 8. Bg5 c6
9. b4 Ba7 10. O-O Bd7 11. Ne2 h6 12. Bxf6 gxf6 13. Ng3 Rg8 14. Kh1 Qc7 15. Qd2
Rh8 16. Nh5 Ng8 17. Nh4 Be6 18. Ng7+ Kd7 19. Nxe6 fxe6 20. f4 d5 21. Bb3 Ne7
22. f5 Rag8 23. fxe6+ Kxe6 24. c4 Rd8 25. exd5+ cxd5 26. cxd5+ Nxd5 27. Nf5 Bb8
28. Rac1 Qd7 29. Ne3 Qe7 30. Nxd5 Rxd5 31. Rc5 Rhd8 32. Rxd5 Rxd5 33. Bxd5+
Kxd5 34. Qxh6 Ke6 35. Qe3 Qd6 36. Qe4 Kf7 37. Qh7+ Ke6 38. Qg8+ Ke7 39. Qc4 b5
40. Qc5 Ke6 41. Qxd6+ Bxd6 42. Rc1 Kd5 43. h4 Bf8 44. Rc8 Bh6 45. Rd8+ Ke6 46.
g4 Bd2 47. Ra8 1-0

[Event "C.to Provinciale PR"]
[Site "Salsomaggiore Terme ITA"]
[Date "2016.03.19"]
[Round "2"]
[White "Ghirardi, Gianfranco"]
[Black "Mantovani, Celso"]
[WhiteElo "1616"]
[BlackElo "1220"]
[Result "1-0"]
[PlyCount "83"]
[EventDate "2016.03.18"]

1. f4 Nf6 2. Nf3 d5 3. d3 e6 4. c3 Nc6 5. g3 b6 6. Bg2 Bb7 7. a4 a5 8. Na3 Be7
9. Nb5 O-O 10. Be3 Ng4 11. Bg1 f5 12. h3 Nf6 13. Bf2 Rf7 14. Ng5 Qe8 15. Nxc7
Qd7 16. Nxa8 Bxa8 17. Nxf7 Kxf7 18. Bxb6 Qb7 19. Bf2 Nh5 20. O-O g6 21. Qd2 Qd7
22. g4 Ng7 23. e4 fxg4 24. hxg4 Nd8 25. exd5 Bxd5 26. Bxd5 Qxd5 27. Qe3 Qb7 28.
Qe2 h6 29. Bd4 Nf5 30. gxf5 exf5 31. Qe5 Ne6 32. Rae1 Qc8 33. Qh8 Qxh8 34. Bxh8
Kg8 35. Rxe6 Bc5+ 36. Bd4 Bf8 37. Rfe1 Kh7 38. Re8 Bd6 39. R1e6 g5 40. Rxd6
gxf4 41. Re7+ Kg8 42. Rd8# 1-0

[Event "C.to Provinciale PR"]
[Site "Salsomaggiore Terme ITA"]
[Date "2016.03.19"]
[Round "2"]
[White "Grillo, Francesco"]
[Black "Donelli, Sergio"]
[WhiteElo "1797"]
[BlackElo "1506"]
[Result "0-1"]
[PlyCount "70"]
[EventDate "2016.03.18"]

1. c4 Nf6 2. g3 g6 3. Bg2 Bg7 4. Nc3 d6 5. d3 c6 6. e4 Na6 7. Nge2 Nc7 8. Be3
e5 9. b4 O-O 10. O-O Ne6 11. h3 h6 12. Qd2 Kh7 13. b5 Bd7 14. Rab1 b6 15. bxc6
Bxc6 16. Nd5 Bxd5 17. cxd5 Nc5 18. f4 Rc8 19. f5 g5 20. g4 Nfd7 21. Ng3 Bf6 22.
Nh5 Rg8 23. Rbc1 Qe7 24. Rc2 Rc7 25. Rfc1 Rgc8 26. Nxf6+ Qxf6 27. d4 exd4 28.
Bxd4 Ne5 29. Rc3 Na6 30. Rxc7 Rxc7 31. Rxc7 Nxc7 32. Qb2 Na6 33. Bf1 Nc5 34.
Be2 Nxe4 35. Bf1 Nf3+ 0-1

[Event "C.to Provinciale PR"]
[Site "Salsomaggiore Terme ITA"]
[Date "2016.03.19"]
[Round "2"]
[White "Magri, Leonardo"]
[Black "Pagani, Fausto"]
[WhiteElo "1733"]
[BlackElo "1571"]
[Result "1-0"]
[PlyCount "105"]
[EventDate "2016.03.18"]

1. c4 c5 2. g3 Nc6 3. Bg2 g6 4. Nc3 Bg7 5. Nf3 d6 6. O-O Nf6 7. Rb1 O-O 8. a3
Bf5 9. d3 Qc7 10. b4 Nd7 11. Nd5 Qd8 12. b5 Nce5 13. Nh4 Be6 14. h3 f6 15. f4
Nf7 16. Ne3 Rb8 17. Qa4 a6 18. bxa6 bxa6 19. Bd2 Qc8 20. Rb3 Nb6 21. Qa5 Nxc4
22. Rxb8 Qxb8 23. Nxc4 Bxc4 24. dxc4 Qb3 25. Qc3 Rb8 26. Be4 f5 27. Qxb3 Rxb3
28. Bd3 Bd4+ 29. Kg2 Rxa3 30. Rb1 e5 31. Nf3 e4 32. Nxd4 exd3 33. Ne6 h6 34. e3
Ra2 35. Rd1 a5 36. Kf3 a4 37. Bc3 g5 38. Rd2 Rc2 39. Rxc2 dxc2 40. Bb2 Kh7 41.
Ke2 g4 42. hxg4 fxg4 43. Kd2 Kg6 44. e4 c1=Q+ 45. Kxc1 h5 46. f5+ Kh6 47. Bf6
Ne5 48. Bxe5 dxe5 49. Nxc5 a3 50. Kb1 h4 51. Nd3 h3 52. Nf2 h2 53. c5 1-0

[Event "C.to Provinciale PR"]
[Site "Salsomaggiore Terme ITA"]
[Date "2016.03.19"]
[Round "2"]
[White "Molinelli, Luigi"]
[Black "Gorini, Michele"]
[WhiteElo "1286"]
[BlackElo "1622"]
[Result "0-1"]
[PlyCount "100"]
[EventDate "2016.03.18"]

1. b3 b6 2. Bb2 e6 3. Nf3 Nf6 4. g3 Bb7 5. Bg2 c5 6. c4 g6 7. d3 Bg7 8. Nbd2
O-O 9. Qc2 Qc8 10. O-O Re8 11. Rad1 d5 12. Ne5 d4 13. Ndf3 Nc6 14. Nxc6 Bxc6
15. Bc1 Nd7 16. e3 dxe3 17. fxe3 Qb7 18. Rf2 Rad8 19. Bb2 e5 20. Nd2 Bxg2 21.
Rxg2 Nf8 22. e4 Ne6 23. Nf3 Nf8 24. Qb1 Rd6 25. Ne1 Qd7 26. Qc1 Rd8 27. Qe3 Ne6
28. Bc1 Nd4 29. Qf2 Qe6 30. Nf3 Nxf3+ 31. Qxf3 Qd7 32. Rgd2 Bh6 33. Rc2 Bxc1
34. Rcxc1 Rxd3 35. Rxd3 Qxd3 36. Qxd3 Rxd3 37. Rc2 Kg7 38. Kf2 f5 39. exf5 gxf5
40. Re2 e4 41. Re3 Rd2+ 42. Re2 Rxe2+ 43. Kxe2 Kf6 44. Ke3 Kg5 45. h3 h5 46. a3
a6 47. b4 a5 48. bxc5 bxc5 49. a4 h4 50. gxh4+ Kxh4 0-1

[Event "C.to Provinciale PR"]
[Site "Salsomaggiore Terme ITA"]
[Date "2016.03.19"]
[Round "2"]
[White "Panizzi, Giuseppe"]
[Black "Mingione, Luigi"]
[WhiteElo "2091"]
[BlackElo "1756"]
[Result "1-0"]
[PlyCount "123"]
[EventDate "2016.03.18"]

1. c4 f5 2. d4 Nf6 3. Nc3 e6 4. g3 Be7 5. Bg2 O-O 6. Nf3 d5 7. O-O c6 8. Bf4
Ne4 9. Ne5 Nd7 10. Qd3 Nxe5 11. Bxe5 dxc4 12. Qc2 Nf6 13. e4 fxe4 14. Nxe4 Qe8
15. Qxc4 Qg6 16. Rae1 Ng4 17. f3 Nxe5 18. dxe5 Bd7 19. Rd1 Be8 20. Nd6 Bxd6 21.
Rxd6 Bf7 22. Rfd1 Qf5 23. Qc3 Bg6 24. f4 Qc2 25. Qb4 Bh5 26. Re1 c5 27. Qc3
Qxc3 28. bxc3 Bg4 29. h3 Bf5 30. Rd7 Rad8 31. Red1 Rxd7 32. Rxd7 b6 33. Kh2 Rf7
34. Rd6 Re7 35. Bf1 Kf7 36. Bc4 h5 37. a3 g6 38. Be2 Re8 39. g4 hxg4 40. hxg4
Be4 41. Bc4 Bc2 42. Kg3 Be4 43. Kh4 Bc2 44. Kg5 Be4 45. Bb5 Re7 46. Rd8 Bc2 47.
Kh6 Be4 48. Rh8 Bc2 49. Bc4 Be4 50. Rd8 Bc2 51. Rd6 Be4 52. Kg5 Bc2 53. Rd2 Be4
54. Re2 Bb1 55. Rf2 Be4 56. f5 gxf5 57. gxf5 Ke8 58. Bxe6 Rg7+ 59. Kf6 Rg3 60.
Rd2 Bd3 61. Bf7+ Kf8 62. Bc4 1-0

[Event "C.to Provinciale PR"]
[Site "Salsomaggiore Terme ITA"]
[Date "2016.03.19"]
[Round "2"]
[White "Peloni, Davide"]
[Black "Taddia, Davide"]
[WhiteElo "1618"]
[BlackElo "1459"]
[Result "1-0"]
[PlyCount "100"]
[EventDate "2016.03.18"]

1. e4 c5 2. Nc3 e6 3. Bc4 Nc6 4. f4 a6 5. a4 Nge7 6. Nf3 d5 7. Ba2 d4 8. Ne2
Qc7 9. d3 Ng6 10. O-O Bd6 11. e5 Be7 12. Ng3 Nh4 13. Bd2 Nf5 14. Nxf5 exf5 15.
Be1 Be6 16. Bxe6 fxe6 17. Bh4 O-O 18. Ng5 Qd7 19. Nf3 b6 20. Bxe7 Nxe7 21. Nd2
Nd5 22. Qf3 b5 23. axb5 Qxb5 24. Nc4 Ne3 25. Nxe3 dxe3 26. Qxe3 Qxb2 27. c4 Qd4
28. Qxd4 cxd4 29. c5 Rfc8 30. Ra5 Rc6 31. Rc1 h6 32. Rc4 Rd8 33. Kf2 g5 34. g3
Kf7 35. Kf3 Kg6 36. Rca4 Ra8 37. Rxd4 Rac8 38. Rd6 Kf7 39. d4 Rxd6 40. exd6 Rc6
41. Ra4 Ke8 42. Rb4 gxf4 43. Rb6 Kd7 44. Rxc6 Kxc6 45. Kxf4 a5 46. Ke3 a4 47.
Kd2 a3 48. Kc2 h5 49. Kb3 h4 50. Kxa3 f4 1-0